[Event "7. Lichtenberger Sommer"]
[Site "Berlin"]
[Date "2008.08.18"]
[Round "3.52"]
[White "Pichler, Klaus"]
[Black "Mohr, Horst"]
[Result "1-0"]
[WhiteElo "1871"]
[BlackElo "1538"]
[PlyCount "63"]
[EventDate "2008.??.??"]
[BlackTeam "SC Caissa Falkensee e.V."]

1. e4 c6 2. d4 d5 3. Nc3 dxe4 4. Nxe4 Bf5 5. Ng3 Bg6 6. Nf3 Nd7 7. h4 h6 8. Bd3
Bxd3 9. Qxd3 Ngf6 10. Bd2 Qc7 11. Ne2 e6 12. c4 Be7 13. Rc1 Rd8 14. Bc3 Nc5 15.
Qc2 Nce4 16. O-O O-O 17. Be1 Rd7 18. Ne5 Rdd8 19. c5 Nxc5 20. Nxf7 Rxf7 21.
dxc5 Ng4 22. g3 Rdf8 23. Qc4 Ne5 24. Qxe6 Nf3+ 25. Kg2 Kh8 26. Bc3 Bf6 27. Nf4
Nxh4+ 28. Kh3 Qxf4 29. gxf4 Re7 30. Qd6 Nf5 31. Bxf6 Nxd6 32. cxd6 1-0

[Event "7. Lichtenberger Sommer"]
[Site "Berlin"]
[Date "2008.08.18"]
[Round "3.53"]
[White "Winz, Michael"]
[Black "Merz, Rüdiger"]
[Result "0-1"]
[WhiteElo "1711"]
[BlackElo "1904"]
[PlyCount "100"]
[EventDate "2008.??.??"]
[WhiteTeam "SC Friesen Lichtenberg e.V."]
[BlackTeam "SK Zehlendorf e.V."]

1. d4 Nf6 2. Nf3 b6 3. c4 e6 4. Nc3 Bb4 5. a3 Bxc3+ 6. bxc3 O-O 7. e3 d5 8. Bd3
dxc4 9. Bxc4 c5 10. O-O cxd4 11. cxd4 Bb7 12. Bb2 Nbd7 13. Rc1 Qe7 14. Bd3 Rfc8
15. Qe2 Ne4 16. Nd2 f5 17. Nxe4 fxe4 18. Ba6 Nf6 19. Bxb7 Qxb7 20. h3 b5 21.
Qd2 Rc4 22. Rc3 Rac8 23. Rfc1 Nd5 24. R3c2 Nb6 25. Qe2 Na4 26. Ba1 Qd5 27. g3
Nb6 28. Bb2 Rf8 29. Qg4 Rxc2 30. Rxc2 Nc4 31. Qe2 Rf3 32. Kg2 Qg5 33. Bc1 h5
34. h4 Qd5 35. Qe1 a5 36. Qc3 a4 37. Qb4 Kf7 38. Qe1 g5 39. Qh1 Kg6 40. hxg5
Qxg5 41. Qh3 Qe7 42. Rc3 Rf5 43. Kf1 Qf8 44. Qg2 Rf3 45. Qh2 e5 46. dxe5 Qf5
47. Rc2 Nxe5 48. Rc5 Rxf2+ 49. Qxf2 Qxf2+ 50. Kxf2 Nd3+ 0-1

[Event "7. Lichtenberger Sommer"]
[Site "Berlin"]
[Date "2008.08.18"]
[Round "3.54"]
[White "Lichey, Dustin"]
[Black "Wolfram, Mike"]
[Result "1-0"]
[WhiteElo "1861"]
[BlackElo "1434"]
[PlyCount "63"]
[EventDate "2008.??.??"]
[WhiteTeam "1. Schachclub Anhalt"]
[BlackTeam "vereinslos"]

1. d4 d5 2. e3 Nf6 3. c4 e6 4. Nc3 Be7 5. Bd3 O-O 6. Nge2 b6 7. O-O Bb7 8. f4
c5 9. b3 dxc4 10. bxc4 cxd4 11. Nxd4 Bc5 12. Nb3 Nbd7 13. Kh1 h5 14. Be2 g6 15.
Bf3 Bxf3 16. Qxf3 Ng4 17. h3 Qh4 18. Bd2 Ndf6 19. Be1 Qxe1 20. Raxe1 Bb4 21. e4
Nh6 22. e5 Nd7 23. Rd1 Nc5 24. Nxc5 Bxc5 25. Ne4 Rac8 26. g4 hxg4 27. hxg4 Kg7
28. Kg2 Rh8 29. Rd7 a6 30. Ng5 Rhe8 31. Qb7 Rf8 32. Nxe6+ 1-0

[Event "7. Lichtenberger Sommer"]
[Site "Berlin"]
[Date "2008.08.18"]
[Round "3.55"]
[White "Penner, Markus"]
[Black "Reiche, Henry"]
[Result "1-0"]
[WhiteElo "1423"]
[BlackElo "2015"]
[PlyCount "81"]
[EventDate "2008.??.??"]
[WhiteTeam "SK Zehlendorf e.V."]
[BlackTeam "SV Berolina Mitte e.V."]

1. e4 d5 2. exd5 Qxd5 3. Nc3 Qa5 4. d4 c6 5. Nf3 Nf6 6. Bd2 Bf5 7. Bc4 e6 8.
Nh4 Bg4 9. f3 Qh5 10. g3 Bh3 11. Qe2 Bb4 12. Ng2 Bxg2 13. Qxg2 O-O 14. O-O-O
Qa5 15. h4 b5 16. Bb3 Bxc3 17. Bxc3 b4 18. Bd2 Nd5 19. g4 Nd7 20. g5 N7b6 21.
h5 Nc3 22. Rdg1 Nbd5 23. g6 fxg6 24. hxg6 h5 25. Rxh5 Rf5 26. Rxf5 Nxa2+ 27.
Kb1 Nac3+ 28. bxc3 Nxc3+ 29. Bxc3 Qxf5 30. Bb2 Kf8 31. Qg4 Qf6 32. Qxe6 Qxe6
33. Bxe6 a5 34. Bd7 a4 35. Bxc6 Ra6 36. d5 a3 37. Re1 Ra8 38. Bxa8 a2+ 39. Kxa2
b3+ 40. Kxb3 Kg8 41. Re8# 1-0

[Event "7. Lichtenberger Sommer"]
[Site "Berlin"]
[Date "2008.08.18"]
[Round "3.56"]
[White "Dreke, Frank"]
[Black "Mahler, Sonja"]
[Result "1-0"]
[WhiteElo "2037"]
[BlackElo "1496"]
[PlyCount "75"]
[EventDate "2008.??.??"]
[WhiteTeam "Treptower SV 1949 e.V."]
[BlackTeam "SC Kreuzberg e.V."]

1. e4 e5 2. Nf3 Nc6 3. d4 exd4 4. Bc4 Bc5 5. c3 Nf6 6. e5 Ng4 7. O-O d3 8.
Bxf7+ Kf8 9. b4 Bb6 10. Bg5 Ne7 11. Bb3 h6 12. Bh4 g5 13. h3 gxh4 14. hxg4 d5
15. Nd4 Rg8 16. Qf3+ Ke8 17. e6 Rf8 18. Qxd3 c6 19. Nd2 Bc7 20. N2f3 Qd6 21.
Rae1 b6 22. Bc2 a6 23. Nf5 Nxf5 24. gxf5 Ke7 25. Qd4 Rf6 26. Qxh4 Bb7 27. Ne5
Rg8 28. Nf7 Rg4 29. Qxf6+ Kxf6 30. Nxd6 Bxd6 31. Re3 h5 32. Rfe1 Be7 33. Rh3
Rg5 34. f4 Rg4 35. Rxh5 Rxf4 36. Rh6+ Kg5 37. Rg6+ Kh5 38. Rg7 1-0

[Event "7. Lichtenberger Sommer"]
[Site "Berlin"]
[Date "2008.08.18"]
[Round "3.57"]
[White "Pozzo, Dominic"]
[Black "Knopf, Roland"]
[Result "0-1"]
[WhiteElo "1248"]
[BlackElo "1949"]
[PlyCount "68"]
[EventDate "2008.??.??"]
[WhiteTeam "Richmond Juniors"]
[BlackTeam "SC Kreuzberg e.V."]

1. e4 e5 2. Nf3 d6 3. Nc3 Nf6 4. Bc4 Be7 5. d3 O-O 6. h3 c6 7. Bb3 Nbd7 8. O-O
Nc5 9. Re1 a5 10. a3 Nxb3 11. cxb3 c5 12. Bg5 Be6 13. Nh4 h6 14. Bxf6 Bxf6 15.
Nf5 Kh7 16. Re3 g6 17. Ng3 Bg5 18. Rf3 Qd7 19. Nd5 Bxd5 20. exd5 f5 21. Nf1 Qf7
22. Ne3 Bxe3 23. fxe3 Qxd5 24. Qf1 Qxb3 25. g4 Qg8 26. Kh2 fxg4 27. hxg4 Qg7
28. Qg2 Rxf3 29. Qxf3 Rf8 30. Qd5 Qc7 31. Qb3 Qf7 32. Qc2 Qf2+ 33. Qxf2 Rxf2+
34. Kg3 Rxb2 0-1

[Event "7. Lichtenberger Sommer"]
[Site "Berlin"]
[Date "2008.08.18"]
[Round "3.58"]
[White "Segerberg, Tomas"]
[Black "Jansen, Robert"]
[Result "1-0"]
[WhiteElo "1845"]
[BlackElo "1274"]
[PlyCount "127"]
[EventDate "2008.??.??"]
[WhiteTeam "SG Narva Berlin e.V."]
[BlackTeam "SK Gilette"]

1. e4 e5 2. Nf3 Nc6 3. d4 exd4 4. Nxd4 Bc5 5. Nf5 Qf6 6. Nc3 Nge7 7. Nd5 Nxd5
8. Qxd5 d6 9. Bb5 O-O 10. O-O Be6 11. Qd3 Ne5 12. Qh3 Ng6 13. Bd3 c6 14. Qg3
Rad8 15. Bg5 Qxb2 16. Bxd8 Rxd8 17. Rfb1 Qf6 18. Rd1 d5 19. Ne3 Bd6 20. Qf3 Nf4
21. Ng4 Qg5 22. Ne3 Bh3 23. exd5 Bc5 24. Re1 Bxe3 25. g3 Bc5 26. Qe4 Nxd3 27.
cxd3 Qf6 28. Qe2 h5 29. Rac1 b6 30. Rc4 g5 31. dxc6 Qxc6 32. Qe4 Qf6 33. Rc2
Bf5 34. Qe5 Qg6 35. Qc7 Rd7 36. Re8+ Kg7 37. Qe5+ f6 38. Qb8 Kh6 39. Rce2 Bxd3
40. Rh8+ Rh7 41. Rxh7+ Kxh7 42. Re8 Qf7 43. Rc8 Kh6 44. Rc7 Bxf2+ 45. Kxf2
Qxa2+ 46. Ke3 Qe2+ 47. Kd4 Qe4+ 48. Kc3 Qe1+ 49. Kxd3 Qd1+ 50. Kc4 Qc2+ 51. Kb5
Qd3+ 52. Kc6 Qe4+ 53. Kd7 Qf5+ 54. Ke8 Qe4+ 55. Kd8 Qd5+ 56. Kc8 Qg8+ 57. Kb7
Qd5+ 58. Rc6 b5 59. Qf8+ Kg6 60. Qxf6+ Kh7 61. Qg6+ Kh8 62. Qxh5+ Kg8 63. Qg6+
Kf8 64. Qf6+ 1-0

[Event "7. Lichtenberger Sommer"]
[Site "Berlin"]
[Date "2008.08.18"]
[Round "3.59"]
[White "Kornath, Heinrich"]
[Black "Wierzbicki, Jirawat"]
[Result "1-0"]
[WhiteElo "1970"]
[BlackElo "734"]
[PlyCount "61"]
[EventDate "2008.??.??"]
[WhiteTeam "SC Friesen Lichtenberg e.V."]
[BlackTeam "Schachpinguine Berlin"]

1. e4 e5 2. Nf3 d6 3. Bc4 Be7 4. Nc3 Bg4 5. h3 Bxf3 6. Qxf3 Nf6 7. d3 O-O 8.
O-O Nc6 9. Be3 Qd7 10. a4 Rad8 11. g4 Rfe8 12. g5 g6 13. gxf6 Bf8 14. Ne2 Nd4
15. Nxd4 exd4 16. Bxd4 c6 17. Kh1 h5 18. Rg1 Kh8 19. Rg3 d5 20. exd5 Qc7 21.
Rag1 cxd5 22. Bxd5 Qa5 23. c4 Qxa4 24. Rxg6 fxg6 25. f7+ Bg7 26. Bxg7+ Kxg7 27.
fxe8=Q Rxe8 28. Qf7+ Kh8 29. Qf6+ Kh7 30. Qxg6+ Kh8 31. Qxh5# 1-0

[Event "7. Lichtenberger Sommer"]
[Site "Berlin"]
[Date "2008.08.18"]
[Round "3.62"]
[White "Rozov, Boris"]
[Black "Nekrasova, Kateryna"]
[Result "1/2-1/2"]
[WhiteElo "2155"]
[BlackElo "1788"]
[PlyCount "84"]
[EventDate "2008.??.??"]
[WhiteTeam "SV Dresden-Leuben"]
[BlackTeam "SV Empor Berlin e.V."]

1. d4 d5 2. Nc3 Nf6 3. Bg5 Nbd7 4. Nf3 h6 5. Bh4 e6 6. e4 g5 7. Bg3 Nxe4 8.
Nxe4 dxe4 9. Ne5 Bg7 10. h4 Nxe5 11. Bxe5 Bxe5 12. dxe5 Qxd1+ 13. Rxd1 g4 14.
Bb5+ Ke7 15. O-O a6 16. Be2 h5 17. Rd4 Bd7 18. Rxe4 Bc6 19. Rd4 Rad8 20. Rfd1
Rxd4 21. Rxd4 Rd8 22. Rxd8 Kxd8 23. f3 gxf3 24. gxf3 Ke7 25. f4 Be4 26. c4 Bg6
27. Kf2 c5 28. Ke3 Kd7 29. Bf3 b6 30. Bb7 a5 31. Bf3 Ke7 32. Kd2 f5 33. Kc3 Kd7
34. Kb3 Kc7 35. a3 Be8 36. Kc3 Bg6 37. b4 axb4+ 38. axb4 cxb4+ 39. Kxb4 Be8 40.
c5 bxc5+ 41. Kxc5 Bf7 42. Be2 Be8 1/2-1/2

[Event "7. Lichtenberger Sommer"]
[Site "Berlin"]
[Date "2008.08.18"]
[Round "3.63"]
[White "Newrkla, Alexander"]
[Black "Schönemann, Manfred"]
[Result "1-0"]
[WhiteElo "2055"]
[BlackElo "1807"]
[PlyCount "53"]
[EventDate "2008.??.??"]
[BlackTeam "SV Turbine Berlin e.V."]

1. e4 c5 2. Nf3 d6 3. d4 cxd4 4. Nxd4 Nf6 5. Nc3 g6 6. Be3 Bg7 7. f3 O-O 8. Qd2
Nc6 9. O-O-O Bd7 10. h4 Rc8 11. h5 Ne5 12. hxg6 fxg6 13. Bh6 Nc4 14. Bxc4+ Rxc4
15. Bxg7 Kxg7 16. Nd5 Rf7 17. Nxf6 exf6 18. g4 Qc8 19. Rh2 Kh8 20. Rdh1 Qc5 21.
Nb3 Qg5 22. f4 Qxg4 23. Qxd6 Rc8 24. Nd4 Re8 25. Qxf6+ Rxf6 26. Rxh7+ Kg8 27.
Rh8+ 1-0

[Event "7. Lichtenberger Sommer"]
[Site "Berlin"]
[Date "2008.08.18"]
[Round "3.64"]
[White "Poseck, Steffen"]
[Black "Dauer, Carolin"]
[Result "1-0"]
[WhiteElo "2107"]
[BlackElo "1594"]
[PlyCount "77"]
[EventDate "2008.??.??"]
[WhiteTeam "SC Rotation Pankow e.V."]
[BlackTeam "Spgem Kötz/Ichenhausen"]

1. d4 d5 2. Nf3 c6 3. Bg5 Nf6 4. e3 Bg4 5. Be2 e6 6. O-O Be7 7. Nbd2 O-O 8. h3
Bh5 9. c4 Nbd7 10. a3 Rc8 11. b4 b6 12. c5 b5 13. a4 a6 14. Re1 Bg6 15. Bf4 Ra8
16. Qb3 Qc8 17. Bd3 Bd8 18. Bxg6 hxg6 19. Qb2 Qb7 20. Ra2 Bc7 21. Rea1 Bxf4 22.
exf4 Rfb8 23. Ne5 Kf8 24. Qa3 bxa4 25. Qxa4 Nxe5 26. dxe5 Ne8 27. Nf3 Qxb4 28.
Qxb4 Rxb4 29. Rxa6 Rxa6 30. Rxa6 Rxf4 31. Rxc6 Rc4 32. Rc8 Ke7 33. c6 f6 34.
Kf1 Kf7 35. Ke2 Re4+ 36. Kd3 Ke7 37. Nd4 Rxe5 38. c7 Nd6 39. Rd8 1-0

[Event "7. Lichtenberger Sommer"]
[Site "Berlin"]
[Date "2008.08.18"]
[Round "3.65"]
[White "Alvarez, Luis"]
[Black "Schink, Barbara"]
[Result "0-1"]
[WhiteElo "1824"]
[BlackElo "2046"]
[PlyCount "81"]
[EventDate "2008.??.??"]
[WhiteTeam "Schachclub Zug um Zug Everswinke"]
[BlackTeam "Strassenbahn Graz"]

1. e4 e5 2. Nf3 Nc6 3. Bb5 a6 4. Ba4 Nf6 5. O-O Be7 6. Re1 b5 7. Bb3 O-O 8. c3
d6 9. h3 Na5 10. Bc2 c5 11. d4 Qc7 12. dxe5 dxe5 13. Bg5 c4 14. Nbd2 Be6 15.
Nf1 Nb7 16. Ng3 h6 17. Be3 Rfd8 18. Qe2 Nc5 19. Rad1 Kh7 20. Nxe5 g6 21. Bd4
Nfd7 22. Ng4 Bxg4 23. Qxg4 Ne6 24. e5 Ndc5 25. f4 Nd3 26. f5 Nxd4 27. fxg6+
fxg6 28. cxd4 Rxd4 29. Qe6 Bh4 30. Re4 Bxg3 31. Bxd3 Rxd3 32. Rf1 Qc5+ 33. Kh1
h5 34. Qf7+ Kh6 35. Ree1 Rf8 36. Qxf8+ Qxf8 37. Rxf8 Bxe1 38. Kh2 Bg3+ 39. Kg1
Rd1+ 40. Rf1 Rxf1+ 41. Kxf1 0-1

[Event "7. Lichtenberger Sommer"]
[Site "Berlin"]
[Date "2008.08.18"]
[Round "3.66"]
[White "Ollek, Karl-Heinz"]
[Black "Grillich, Alexander"]
[Result "1/2-1/2"]
[WhiteElo "1861"]
[BlackElo "2032"]
[PlyCount "61"]
[EventDate "2008.??.??"]
[WhiteTeam "SC Friesen Lichtenberg e.V."]
[BlackTeam "SC Rochade e.V."]

1. Nf3 Nf6 2. g3 g6 3. d4 Bg7 4. Bg2 d6 5. c4 O-O 6. O-O Re8 7. Nc3 Nbd7 8. Bg5
h6 9. Bd2 c6 10. e4 Qc7 11. Rc1 e5 12. d5 Nc5 13. Qc2 a5 14. Be3 Na6 15. h3 Nh5
16. Nh4 Qe7 17. Qd2 Kh7 18. Kh2 f5 19. exf5 gxf5 20. Bf3 Nf6 21. dxc6 e4 22.
Bg2 bxc6 23. Rfd1 Nc5 24. Qxd6 Nd3 25. Rxd3 exd3 26. Qxe7 Rxe7 27. Bxc6 Rb8 28.
b3 Ne4 29. Nd5 Re6 30. Ba4 Rd6 31. Rd1 1/2-1/2

[Event "7. Lichtenberger Sommer"]
[Site "Berlin"]
[Date "2008.08.18"]
[Round "3.67"]
[White "Kasper, Peter"]
[Black "Fiedler, Wolfgang"]
[Result "1-0"]
[WhiteElo "1587"]
[BlackElo "1992"]
[PlyCount "78"]
[EventDate "2008.??.??"]
[WhiteTeam "SG Eckturm"]
[BlackTeam "SG Narva Berlin e.V."]

1. b4 Nh6 2. Bb2 Rg8 3. e3 d5 4. Nf3 c6 5. c4 e6 6. b5 dxc4 7. Bxc4 Bd6 8. Qc2
Nf5 9. Qe4 Nd7 10. h3 Nc5 11. Qc2 cxb5 12. Bxb5+ Bd7 13. Bxd7+ Nxd7 14. Ke2 Qc7
15. Nc3 g6 16. Rhc1 Rc8 17. d3 a6 18. Qa4 Qb8 19. Ne4 b5 20. Qxa6 Ke7 21. g4
Rxc1 22. Rxc1 Qa8 23. Rc6 Qxa6 24. Rxa6 Rc8 25. Ke1 Nb8 26. Ra7+ Rc7 27. Rxc7+
Bxc7 28. Bf6+ Kd7 29. gxf5 exf5 30. Neg5 Nc6 31. Nd4 Nb4 32. Nxb5 Bh2 33. Kd2
Nxa2 34. Bc3 Ke7 35. Nf3 Nxc3 36. Kxc3 Bb8 37. Kd4 f6 38. Kd5 g5 39. Nbd4 g4
1-0

[Event "7. Lichtenberger Sommer"]
[Site "Berlin"]
[Date "2008.08.18"]
[Round "3.68"]
[White "Mager, Thomas"]
[Black "Udet, Fabian"]
[Result "1-0"]
[WhiteElo "1901"]
[BlackElo "1560"]
[PlyCount "93"]
[EventDate "2008.??.??"]
[WhiteTeam "SK 1929 Mainaschaff"]
[BlackTeam "1. Schachclub Anhalt"]

1. d4 d5 2. c4 Nc6 3. Nc3 Nf6 4. Nf3 Bg4 5. cxd5 Nxd5 6. e3 e5 7. Be2 Nxc3 8.
bxc3 exd4 9. exd4 Be7 10. d5 Nb8 11. Qa4+ Bd7 12. Qb3 Qc8 13. Ba3 Bd6 14. O-O
O-O 15. Nd4 Bxa3 16. Qxa3 c6 17. c4 Re8 18. Bd3 c5 19. Nb3 b6 20. Qc1 Bf5 21.
Qc2 Bxd3 22. Qxd3 Nd7 23. Rfe1 Nf6 24. Nd2 Qd7 25. Nf3 Qd6 26. Rxe8+ Rxe8 27.
Rd1 h6 28. h3 g6 29. Qa3 Qd7 30. Qc1 Kg7 31. Qc3 Qd6 32. a4 a6 33. Rb1 Kh7 34.
Re1 Rxe1+ 35. Qxe1 Qd8 36. Qe5 Ne8 37. Kf1 Nd6 38. Nd2 a5 39. Ke2 Kg8 40. Kd3
f6 41. Qe6+ Kf8 42. Ne4 Nxe4 43. Qxe4 Qe8 44. g4 Qe7 45. Qxg6 Qg7 46. Qxg7+
Kxg7 47. Ke4 1-0

[Event "7. Lichtenberger Sommer"]
[Site "Berlin"]
[Date "2008.08.18"]
[Round "3.69"]
[White "Schneider, Eckehard"]
[Black "Gröling, Jürgen"]
[Result "1/2-1/2"]
[WhiteElo "1802"]
[BlackElo "1950"]
[PlyCount "36"]
[EventDate "2008.??.??"]
[WhiteTeam "Sfrd. Berlin 1903 e.V."]
[BlackTeam "Landessenioren-Schachverein Bran"]

1. e4 c5 2. c3 Nf6 3. e5 Nd5 4. Nf3 g6 5. d4 cxd4 6. cxd4 Bg7 7. Bc4 Nb6 8. Bb3
Nc6 9. O-O d6 10. Ng5 e6 11. f4 d5 12. Nc3 h6 13. Nf3 a6 14. a3 Bd7 15. Bc2 Rc8
16. Rb1 Bf8 17. Kh1 Na5 18. Bd2 Nac4 1/2-1/2

[Event "7. Lichtenberger Sommer"]
[Site "Berlin"]
[Date "2008.08.18"]
[Round "3.70"]
[White "Hantusch, Ralf"]
[Black "Pews, Kristine"]
[Result "0-1"]
[WhiteElo "1805"]
[BlackElo "1757"]
[PlyCount "56"]
[EventDate "2008.??.??"]
[WhiteTeam "SV Bau-Union e.V."]
[BlackTeam "USC Viadrina Frankfurt (Oder) e."]

1. c4 g6 2. g3 Bg7 3. Bg2 e5 4. Nc3 d6 5. e4 Ne7 6. Nge2 f5 7. O-O O-O 8. d4
Nbc6 9. d5 Nb4 10. a3 Na6 11. b4 f4 12. f3 g5 13. Bb2 Ng6 14. Rc1 h5 15. Na4
Bd7 16. Ba1 fxg3 17. hxg3 Bh6 18. Rc3 g4 19. Nb2 h4 20. fxg4 Bxg4 21. Rxf8+
Qxf8 22. Qf1 Qxf1+ 23. Bxf1 h3 24. Nd1 Rf8 25. Ne3 Bxe3+ 26. Rxe3 h2+ 27. Kxh2
Rxf1 28. Bc3 Rf2+ 0-1

[Event "7. Lichtenberger Sommer"]
[Site "Berlin"]
[Date "2008.08.18"]
[Round "3.71"]
[White "Mildenberger, Hans"]
[Black "Tong, Lukas Fabian Chuan"]
[Result "0-1"]
[WhiteElo "1565"]
[BlackElo "1798"]
[PlyCount "60"]
[EventDate "2008.??.??"]
[WhiteTeam "BVG Helmholtz"]
[BlackTeam "SV Empor Berlin e.V."]

1. d4 Nf6 2. c4 e6 3. Nf3 b6 4. g3 Bb7 5. Bg2 d5 6. cxd5 exd5 7. Nc3 c5 8. O-O
Nc6 9. a3 h6 10. e3 Be7 11. dxc5 bxc5 12. Qa4 Qd7 13. Rd1 Rd8 14. e4 d4 15. e5
Nh7 16. Na2 O-O 17. Bd2 Nxe5 18. Qxd7 Nxf3+ 19. Bxf3 Rxd7 20. Bxb7 Rxb7 21.
Rab1 Rd8 22. Ba5 Rd6 23. b4 c4 24. Rbc1 c3 25. Rc2 Rbd7 26. Nc1 Bf6 27. Nd3 Ng5
28. Nc5 Re7 29. b5 Nf3+ 30. Kg2 Ne1+ 0-1

[Event "7. Lichtenberger Sommer"]
[Site "Berlin"]
[Date "2008.08.18"]
[Round "3.72"]
[White "Müller, Johannes"]
[Black "Pöltelt, Helmut"]
[Result "1-0"]
[WhiteElo "1789"]
[BlackElo "1545"]
[PlyCount "95"]
[EventDate "2008.??.??"]
[WhiteTeam "SC Eintracht Berlin e.V."]
[BlackTeam "SC Eintracht Berlin e.V."]

1. e4 c5 2. Nc3 d6 3. g3 Nc6 4. Bg2 e6 5. d3 Be7 6. f4 Nf6 7. Nf3 e5 8. O-O O-O
9. f5 Bd7 10. h3 Rc8 11. g4 h6 12. Nh2 Nd4 13. h4 Nh7 14. h5 Bg5 15. Nd5 Bxc1
16. Rxc1 f6 17. c3 Nc6 18. Nf3 Ne7 19. Qb3 Nxd5 20. Qxd5+ Rf7 21. Qxd6 Rc6 22.
Qd5 Qb6 23. Rf2 Rd6 24. Qb3 Qxb3 25. axb3 Rxd3 26. Bf1 Re3 27. Bc4 Rxe4 28. Rg2
Rxc4 29. bxc4 Bc6 30. Rf1 Ng5 31. Nxg5 Bxg2 32. Kxg2 hxg5 33. Rd1 Re7 34. Kf3
Kf7 35. Ke4 Ke8 36. Rd5 b6 37. Rd6 Rd7 38. Rc6 Kd8 39. h6 gxh6 40. Rxf6 Rd2 41.
Kxe5 Rxb2 42. Rxh6 Rg2 43. f6 Rf2 44. Ke6 a5 45. Rh8+ Kc7 46. f7 Re2+ 47. Kd5
Rd2+ 48. Ke4 1-0

[Event "7. Lichtenberger Sommer"]
[Site "Berlin"]
[Date "2008.08.18"]
[Round "3.73"]
[White "Mühlhan, Klaus"]
[Black "Kleine, Peter"]
[Result "1-0"]
[WhiteElo "2006"]
[BlackElo "1903"]
[PlyCount "43"]
[EventDate "2008.??.??"]
[WhiteTeam "SC Empor Potsdam 1952 e.V."]
[BlackTeam "SV Berlin-Friedrichstadt"]

1. e4 e6 2. d4 d5 3. e5 c5 4. c3 Nc6 5. Nf3 cxd4 6. cxd4 Bb4+ 7. Bd2 Bxd2+ 8.
Qxd2 Bd7 9. Nc3 a6 10. Bd3 f6 11. O-O Nh6 12. Rac1 Nf7 13. Rfe1 O-O 14. Bb1 f5
15. Ne2 Qe7 16. Rc3 Rfe8 17. Nf4 Ng5 18. Nxg5 Qxg5 19. Rg3 Qe7 20. Nh5 g6 21.
Nf6+ Kh8 22. Rh3 1-0

[Event "7. Lichtenberger Sommer"]
[Site "Berlin"]
[Date "2008.08.18"]
[Round "3.74"]
[White "Schlittermann, Wolfgang"]
[Black "Dietzel, Uwe"]
[Result "0-1"]
[WhiteElo "1626"]
[BlackElo "1532"]
[PlyCount "70"]
[EventDate "2008.??.??"]
[WhiteTeam "SK Gillette"]
[BlackTeam "TSV Lichtentanne SAbt"]

1. Nf3 f5 2. c4 Nf6 3. Nc3 e6 4. d4 Bb4 5. Bd2 O-O 6. e3 b6 7. a3 Be7 8. Bd3
Bb7 9. O-O Ne4 10. Be1 d5 11. Qc2 c6 12. Ne5 Nd7 13. Nxd7 Qxd7 14. f3 Nxc3 15.
Bxc3 c5 16. Qe2 Bf6 17. cxd5 exd5 18. Qc2 Be7 19. dxc5 Bxc5 20. Bd4 Bxd4 21.
exd4 Rac8 22. Qf2 g6 23. Qh4 Rfe8 24. Rae1 Rxe1 25. Rxe1 Re8 26. Rd1 Qa4 27.
Rc1 Qd7 28. Qf2 Rc8 29. Rd1 Qa4 30. Re1 Re8 31. Rc1 Qd7 32. Qf1 Qe7 33. Bb5
Qe3+ 34. Kh1 Re7 35. Qd3 Qxc1+ 0-1

[Event "7. Lichtenberger Sommer"]
[Site "Berlin"]
[Date "2008.08.18"]
[Round "3.75"]
[White "Krüger, Stefan"]
[Black "Pozzo, Sebastian C"]
[Result "0-1"]
[WhiteElo "1548"]
[BlackElo "1980"]
[PlyCount "44"]
[EventDate "2008.??.??"]
[WhiteTeam "SC Friesen Lichtenberg e.V."]
[BlackTeam "Streatham"]

1. d4 Nf6 2. c4 g6 3. Nc3 Bg7 4. e4 d6 5. Nf3 O-O 6. Be2 e5 7. O-O Nc6 8. d5
Ne7 9. b4 a5 10. Qb3 axb4 11. Qxb4 Nh5 12. Ne1 Nf4 13. Bxf4 exf4 14. Nd3 g5 15.
Bh5 f5 16. exf5 Nxf5 17. Bg4 Nh4 18. Bxc8 Qxc8 19. f3 Bd4+ 20. Kh1 Rf6 21. c5
Nf5 22. Nb5 Ng3+ 0-1

[Event "7. Lichtenberger Sommer"]
[Site "Berlin"]
[Date "2008.08.18"]
[Round "3.76"]
[White "Pixa, Richard"]
[Black "Kapp, Frank"]
[Result "1/2-1/2"]
[WhiteElo "1381"]
[BlackElo "1748"]
[PlyCount "98"]
[EventDate "2008.??.??"]
[WhiteTeam "Treptower SV 1949 e.V."]
[BlackTeam "TSV IFA Chemnitz"]

1. e4 e6 2. d4 d5 3. exd5 exd5 4. Bd3 Bd6 5. Nf3 Nf6 6. O-O O-O 7. Bg5 Bg4 8.
c3 c6 9. Nbd2 Nbd7 10. Qc2 h6 11. Bh4 Qc7 12. Bg3 Rfe8 13. Rfe1 a5 14. Bxd6
Qxd6 15. Nh4 b5 16. Nf5 Bxf5 17. Bxf5 Nf8 18. Nb3 a4 19. Nc5 g6 20. Bd3 Kg7 21.
Qd2 Ng4 22. g3 Nd7 23. Nxd7 Qxd7 24. Bf1 Nf6 25. Rxe8 Rxe8 26. Re1 Re6 27. Bg2
Qe7 28. Kf1 Nh7 29. Rxe6 Qxe6 30. Qe2 Nf8 31. Qxe6 Nxe6 32. Ke2 f5 33. Ke3 Kf6
34. f4 Ng7 35. Bf3 Ne8 36. Bd1 Nd6 37. Be2 g5 38. b3 axb3 39. axb3 g4 40. Bd3
h5 41. Kf2 Ke6 42. Ke3 Kd7 43. Kd2 Ke6 44. Ke3 Nf7 45. c4 b4 46. c5 Nh6 47. Ba6
Kd7 48. Bd3 Kc7 49. Ke2 Kd7 1/2-1/2

[Event "7. Lichtenberger Sommer"]
[Site "Berlin"]
[Date "2008.08.18"]
[Round "3.77"]
[White "Winter, Jürgen"]
[Black "Lerch, Philipp"]
[Result "1-0"]
[WhiteElo "1416"]
[BlackElo "1819"]
[PlyCount "93"]
[EventDate "2008.??.??"]
[WhiteTeam "SC Rochade Müncheberg"]
[BlackTeam "TuS Makkabi Berlin e.V."]

1. e4 c5 2. Nf3 Nc6 3. c3 e6 4. d4 d5 5. e5 Qb6 6. Qb3 Qxb3 7. axb3 cxd4 8.
cxd4 Bd7 9. Be2 Nge7 10. Na3 Nf5 11. Nc2 Bb4+ 12. Bd2 Bxd2+ 13. Kxd2 O-O 14.
Rhd1 Rfc8 15. b4 Nce7 16. g4 Nh6 17. h3 Ng6 18. Nce1 Nf4 19. Bf1 Kf8 20. Nd3
Nxd3 21. Bxd3 g6 22. Ng5 Kg7 23. f4 Ng8 24. Rdc1 a6 25. Rxc8 Rxc8 26. Ra5 Rc7
27. b3 Ne7 28. Rc5 Nc6 29. b5 axb5 30. Bxb5 Rc8 31. Nf3 Ra8 32. Rc3 Ra2+ 33.
Ke3 Rg2 34. g5 Rg3 35. Bxc6 Bxc6 36. h4 Rg2 37. Ne1 Rh2 38. Nf3 Rh1 39. Kd2 Rf1
40. Ke3 Kf8 41. Rc2 Ke7 42. Nd2 Rh1 43. Nf3 Kd7 44. Kf2 Kc7 45. Kg3 Rb1 46. Nd2
Kb6 47. Nxb1 1-0

[Event "7. Lichtenberger Sommer"]
[Site "Berlin"]
[Date "2008.08.18"]
[Round "3.78"]
[White "Bauerfeind, Lars"]
[Black "Hesselbarth, Karlheinz"]
[Result "0-1"]
[WhiteElo "1289"]
[BlackElo "1857"]
[PlyCount "92"]
[EventDate "2008.??.??"]
[WhiteTeam "SV Motor Eberswalde e.V."]
[BlackTeam "SC Zugzwang 95 e.V."]

1. d4 Nf6 2. c4 e6 3. Nc3 d5 4. Bg5 Nbd7 5. Nf3 c6 6. e3 Qa5 7. Nd2 dxc4 8.
Bxf6 Nxf6 9. Bxc4 Be7 10. O-O O-O 11. Qc2 Rd8 12. Nde4 Nd5 13. Rfd1 b5 14. Bd3
Nb4 15. Qb3 Nxd3 16. Rxd3 Ba6 17. Rdd1 Rac8 18. a4 b4 19. Na2 Qd5 20. Qxd5 cxd5
21. Ng3 Rc2 22. b3 Rdc8 23. Rdc1 f5 24. h3 Kf7 25. Rxc2 Rxc2 26. Nc1 g6 27. f4
h6 28. Kh2 g5 29. fxg5 hxg5 30. Kg1 Kg6 31. Nh1 Bd6 32. Nf2 e5 33. Ncd3 e4 34.
Ne1 Rc3 35. Rb1 Rxe3 36. Rc1 Rc3 37. Rxc3 bxc3 38. Nd1 Bg3 39. Nc2 Bd3 40. Nde3
f4 41. Nxd5 Bxc2 42. Nxc3 e3 43. d5 Bxb3 44. d6 Kf7 45. a5 Bc4 46. d7 Ke7 0-1

[Event "7. Lichtenberger Sommer"]
[Site "Berlin"]
[Date "2008.08.18"]
[Round "3.79"]
[White "Kujawa, Werner"]
[Black "Glöß, Henrik"]
[Result "1-0"]
[WhiteElo "1848"]
[BlackElo "1419"]
[PlyCount "73"]
[EventDate "2008.??.??"]
[WhiteTeam "SV Motor Wildau e.V."]
[BlackTeam "Sfr.Nord-Ost Berlin"]

1. e4 c5 2. Nc3 d6 3. g3 Nf6 4. Bg2 Nc6 5. d3 e6 6. Nge2 Be7 7. O-O O-O 8. h3
a6 9. Be3 Rb8 10. f4 Qc7 11. g4 b5 12. Ng3 Rd8 13. g5 Ne8 14. Qd2 b4 15. Nce2
d5 16. exd5 exd5 17. d4 c4 18. f5 f6 19. Bf4 Bd6 20. Bxd5+ Kh8 21. Bxd6 Qxd6
22. Bf7 Nxd4 23. Qxd4 Qe7 24. Qf4 Bb7 25. Be6 fxg5 26. Qe5 Nf6 27. Rae1 Nd7 28.
Qc7 Ba8 29. Bxd7 Rb7 30. Qxc4 Qe3+ 31. Kh2 Rbxd7 32. Qe6 Qc5 33. f6 Bd5 34.
fxg7+ Kxg7 35. Nh5+ Kh8 36. Qe5+ Kg8 37. Nf6+ 1-0